| 000 | 00580nam a2200181 i 4500 | ||
|---|---|---|---|
| 001 | 65475 | ||
| 003 | ES-MaACL | ||
| 005 | 20230906165357.0 | ||
| 007 | t| | ||
| 008 | 040114s1960 sp ||||1| spa d | ||
| 100 | 1 |
_aFreudenberg, Karl. _952551 |
|
| 245 | 1 | 0 |
_aQuímica orgánica / _cKarl Freudenberg y Hans Plieninger ; [versión española por Juan Bautista Vericad]. |
| 260 |
_aBarcelona : _bReverté, _c1960. |
||
| 300 |
_a225 p. : _bil. ; _c22 cm. |
||
| 700 | 1 |
_aPlieninger, Hans. _992654 |
|
| 700 | 1 |
_aVericad, Juan Bautista. _9114130 |
|
| 852 |
_aES-MaACL _jC-19916 _bR.47681 |
||
| 999 |
_c65475 _d65475 |
||